[Event "FRA-chTB U20 1011"]
[Site "France"]
[Date "2010.12.19"]
[Round "5.7"]
[White "Ariza, Thomas"]
[Black "Banat, Samy"]
[Result "1-0"]
[WhiteElo "1670"]
[BlackElo "1470"]
[PlyCount "67"]
[EventDate "2010.11.20"]
[EventType "team-tourn"]
[EventRounds "7"]
[EventCountry "FRA"]
[SourceTitle "EXT 2012"]
[Source "ChessBase"]
[SourceDate "2011.11.24"]
[SourceVersion "1"]
[SourceVersionDate "2011.11.24"]
[SourceQuality "1"]
[WhiteTeam "Bois Colombes"]
[BlackTeam "Clichy"]
[WhiteTeamCountry "FRA"]
[BlackTeamCountry "FRA"]

1. e4 c5 2. Nf3 d6 3. d4 cxd4 4. Nxd4 Nf6 5. Nc3 g6 6. Be3 Bg7 7. Bc4 Nc6 8. 0-0 0-0 9. Rb1 Na5 10. Bb5 Bd7 11. Qe2 Nc6 12. Rfd1 Nxd4 13. Bxd4 a6 14. Bxd7 Qxd7 15. Bxf6 Bxf6 16. Nd5 Qd8 17. Nxf6+ exf6 18. Qd2 Rc8 19. c3 Rc6 20. h3 Re8 21. Qf4 Qe7 22. Rd4 Qe5 23. Qd2 Rd8 24. Rd1 Kg7 25. Kh1 f5 26. Qg5 f6 27. Qe3 Re8 28. Re1 b5 29. a3 Rc4 30. Rxc4 bxc4 31. Qa7+ Qe7 32. Qxa6 fxe4 33. Qxc4 Qa7 34. Kg1 1-0